Cargando...

Outlines of a philosophy of religion based on psychology and history /

Detalles Bibliográficos
Autor Principal: Sabhtier, Augiste
Idioma:Undetermined
Publicado: 1957.
Series:Harper Torchbooks , Library of religion and culture
LEADER 00479nam a2200133Ia 4500
001 75747
008 170722s9999 xx 000 0 und d
100 |a Sabhtier, Augiste 
245 |a Outlines of a philosophy of religion  |b based on psychology and history / 
260 |c 1957. 
490 |a Harper Torchbooks , Library of religion and culture 
942 |c GEN 
999 |c 51401  |d 51401 
952 |0 0  |1 0  |4 0  |6 R_3Q_J7  |7 0  |8 LC1  |9 73133  |a LIB  |b LIB  |d 2017-08-12  |h LC1  |o R3(Q) J7  |p 67779  |r 2017-08-12  |w 2017-08-12  |y GEN